LIBRARY & INFORMATION CENTRE, KCAET, TAVANUR

ONLINE PUBLIC ACCESS CATALOGUE (OPAC)

Water resources: planning and development / (Record no. 9337)

MARC details
000 -LEADER
fixed length control field 00534cam a2200205ua 4500
020 ## - INTERNATIONAL STANDARD BOOK NUMBER
ISBN 81 7169 214 1
041 ## - LANGUAGE CODE
Language code of text/sound track or separate title eng
082 ## - DEWEY DECIMAL CLASSIFICATION NUMBER
Classification number 627.01
Item number SHU/WA
100 ## - MAIN ENTRY--AUTHOR NAME
Personal name Shukla, S K .
245 ## - TITLE STATEMENT
Title Water resources: planning and development /
250 ## - EDITION STATEMENT
Edition statement 1 /
260 ## - PUBLICATION, DISTRIBUTION, ETC. (IMPRINT)
Place of publication New Delhi :
Name of publisher Commonwealth Publishers ,
Year of publication 1992.
300 ## - PHYSICAL DESCRIPTION
Number of Pages 339 ; .
500 ## - GENERAL NOTE
General note * CSS
700 1# - ADDED ENTRY--PERSONAL NAME
Personal name Srivastava, P R .
942 ## - ADDED ENTRY ELEMENTS (KOHA)
Koha item type Books
Holdings
Withdrawn status Lost status Damaged status Home library Current library Shelving location Date acquired Full call number Accession Number Koha item type
      KAUAET KAUAET Scheme 12/09/2018 627.01 SHU/WA 19581 Books
      KAUAET KAUAET Scheme 14/09/2018 627.01 SHU/WA 19580 Book Bank scheme for SC students
free website counter